Ramona and her father / (Record no. 582)

MARC details
000 -LEADER
fixed length control field 01301pam a2200361 i 4500
001 - CONTROL NUMBER
control field 582
003 - CONTROL NUMBER IDENTIFIER
control field FISKH
005 - DATE AND TIME OF LATEST TRANSACTION
control field 20231005080224.0
008 - FIXED-LENGTH DATA ELEMENTS--GENERAL INFORMATION
fixed length control field 770217s1977 nyua j 000 1 eng
020 ## - INTERNATIONAL STANDARD BOOK NUMBER
International Standard Book Number 9780439148061
040 ## - CATALOGING SOURCE
Original cataloging agency FISKH
Transcribing agency FISKH
Modifying agency FISKH
Language of cataloging eng
042 ## - AUTHENTICATION CODE
Authentication code lcac
050 00 - LIBRARY OF CONGRESS CALL NUMBER
Classification number PZ7.C5792
051 ## - LIBRARY OF CONGRESS COPY, ISSUE, OFFPRINT STATEMENT
Classification number PZ7.C5792
082 00 - DEWEY DECIMAL CLASSIFICATION NUMBER
Classification number [Fic]
100 1# - MAIN ENTRY--PERSONAL NAME
Personal name Cleary, Beverly.
245 10 - TITLE STATEMENT
Title Ramona and her father /
Statement of responsibility, etc. Beverly Cleary ; illustrated by Alan Tiegreen.
250 ## - EDITION STATEMENT
Edition statement First Scholastic printing, October 1998.
260 ## - PUBLICATION, DISTRIBUTION, ETC.
Place of publication, distribution, etc. New York :
Name of publisher, distributor, etc. Scholastic.
Date of publication, distribution, etc. 1998.
300 ## - PHYSICAL DESCRIPTION
Extent 186 pages :
Other physical details illustrations ;
Dimensions 21 cm.
505 ## - FORMATTED CONTENTS NOTE
Formatted contents note O
520 ## - SUMMARY, ETC.
Summary, etc. The family routine is upset during Ramona's year in second grade when her father unexpectedly loses his job.
521 8# - TARGET AUDIENCE NOTE
Target audience note 840 <br/>
Source Raz-Plus
521 8# - TARGET AUDIENCE NOTE
Target audience note O <br/>
Source Raz-Plus
650 #1 - SUBJECT ADDED ENTRY--TOPICAL TERM
Topical term or geographic name entry element Fathers and daughters
General subdivision Fiction.
650 #1 - SUBJECT ADDED ENTRY--TOPICAL TERM
Topical term or geographic name entry element Family problems
General subdivision Fiction.
655 #7 - INDEX TERM--GENRE/FORM
Genre/form data or focus term Juvenile literature
Chronological subdivision 1977.
Source of term rbgenr
700 1# - ADDED ENTRY--PERSONAL NAME
Personal name Tiegreen, Alan.
Relator term Illustrator
856 42 - ELECTRONIC LOCATION AND ACCESS
Materials specified Publisher description
Uniform Resource Identifier <a href="http://www.loc.gov/catdir/description/hc043/77001614.html">http://www.loc.gov/catdir/description/hc043/77001614.html</a>
856 42 - ELECTRONIC LOCATION AND ACCESS
Materials specified Contributor biographical information
Uniform Resource Identifier <a href="http://www.loc.gov/catdir/enhancements/fy1101/77001614-b.html">http://www.loc.gov/catdir/enhancements/fy1101/77001614-b.html</a>
906 ## - LOCAL DATA ELEMENT F, LDF (RLIN)
a 7
b cbc
c orignew
d 1
e ocip
f 19
g y-gencatlg
942 ## - ADDED ENTRY ELEMENTS (KOHA)
Source of classification or shelving scheme Dewey Decimal Classification
Koha item type Books
Suppress in OPAC No
Holdings
Withdrawn status Lost status Source of classification or shelving scheme Damaged status Not for loan Collection Home library Current library Shelving location Date acquired Total Checkouts Full call number Barcode Date last seen Copy number Price effective from Koha item type Date last checked out
    Dewey Decimal Classification     Juvenile Fiction Footprints International School Library Network Toul Kork Campus Footprints International School Library Network Toul Kork Campus   06/19/2023   CLE Fic PZ7.C57 FISTK00509 06/19/2023 1 06/19/2023 Books  
    Dewey Decimal Classification     Juvenile Fiction Footprints International School Library Network Toul Kork Campus Footprints International School Library Network Toul Kork Campus TTP Secondary Non-Fiction Bookshelves 06/19/2023 1 CLE Fic PZ7.C57 FIS00415 03/04/2024 2 06/19/2023 Books 01/08/2024
    Dewey Decimal Classification     Juvenile Fiction Footprints International School Library Network Toul Kork Campus Footprints International School Library Network Toul Kork Campus A TK Campus, 4th Floor, Room B401, Fiction Bookcases (1-6) 06/19/2023   CLE Fic PZ7.C57 FISTK00502 10/05/2023 3 06/19/2023 Books  
    Dewey Decimal Classification     Juvenile Fiction Footprints International School Library Network Toul Kork Campus Footprints International School Library Network Toul Kork Campus   06/19/2023   CLE Fic PZ7.C57 FISTK00504 04/26/2024 4 06/19/2023 Books